Efektívne manažérske rady a postupy

Trojblok jednoduchých rád smerujúcich k pochopeniu potreby prepojenia duchovna a manažmentu - desatoro carpe diem, topmanažérske ponaučenia, paradoxné prikázania: 10 ponaučení dr. Kenta a M. Keitha, ako nájsť vlastné miesto v šialenom svete.

Salvato in:
Dettagli Bibliografici
Autore principale: Burák, Emil
Natura: Capitolo di libro
Lingua:slovacco
Soggetti:
Tags: Aggiungi Tag
Nessun Tag, puoi essere il primo ad aggiungerne!!

MARC

LEADER 00000naa$a2200000$$$4500
001 0036206
005 20231106071719.0
041 0 |a slo 
044 |a SK 
245 1 0 |a Efektívne manažérske rady a postupy  |c Emil Burák 
520 |a Trojblok jednoduchých rád smerujúcich k pochopeniu potreby prepojenia duchovna a manažmentu - desatoro carpe diem, topmanažérske ponaučenia, paradoxné prikázania: 10 ponaučení dr. Kenta a M. Keitha, ako nájsť vlastné miesto v šialenom svete. 
610 2 0 |a podnikanie 
610 2 0 |a manažment 
610 2 0 |a riadenie optimálne 
610 2 0 |a efektívnosť 
610 2 0 |a paradoxy 
100 1 |a Burák, Emil